000 00272nam a2200109Ia 4500
008 190216s9999||||xx |||||||||||||| ||und||
100 _aKhanna&Amp;Varma
245 0 _aGuide To Air Force Recruitment Test
260 _bUpkar Prakashan
650 _aReferences
942 _cREF
999 _c35641
_d35641